| 000 | 01189naa a22003257a 4500 | ||
|---|---|---|---|
| 001 | BR8703296 | ||
| 003 | BR-BrBNA | ||
| 005 | 20240918175808.0 | ||
| 007 | ta | ||
| 008 | 230509b bl.||||| |||| 00| 0 por d | ||
| 040 |
_aBR-BrBNA _bpor _cBiblioteca Nacional de Agricultura |
||
| 041 | _a(Pt) | ||
| 072 |
_aL74 _b5300 _bG514 |
||
| 090 | _aL74 BR8703296 | ||
| 100 | 1 | _aSobestiansky, J. | |
| 100 | 1 | _aWentz, I. | |
| 100 | 1 | _aSilveira, P.R.S. da | |
| 100 | 1 | _aFreitas, A.R. de | |
| 111 | 1 |
_a21. Reuniao Anual da Sociedade Brasileira de Zootecnia _cBelo Horizonte, MG (Brazil) _d16-20 Jul 1984 |
|
| 245 | 1 | _aLesoes nos cascos e claudicacoes em suinos puros de pedigree em idade de comercializacao | |
| 260 | 3 |
_aBelo Horizonte, MG (Brasil): _c1984. |
|
| 500 | _aAnais da 21. Reuniao Anual da Sociedade Brasileira de Zootecnia Belo Horizonte, MG (Brasil): 1984. p. 184 (BR8703296-AM)L74 | ||
| 650 | _aSUINO | ||
| 650 | _aLESAO | ||
| 650 | _aCASCO | ||
| 650 | _aCLAUDICACAO | ||
| 773 | 0 |
_tAnais da 21. Reuniao Anual da Sociedade Brasileira de Zootecnia _wL74 BR8703296 _gBelo Horizonte, MG (Brasil), 1984. p. 184 |
|
| 909 |
_a202404 _bLucia _c55 _dLucia Elande |
||
| 942 |
_cAM _2AGRIS |
||
| 999 |
_c318176 _d318176 |
||